Damascus : a History /
Saved in:
Main Author:
Format: Book
Language: English
Published:
London :
Routledge,
2007.
Subjects:
Tags: Add Tag
No Tags, Be the first to tag this record!
Call Number: DS99 .D3 B867 2007
| LEADER | 01329cam a2200229Ma 4500 | ||
|---|---|---|---|
| 001 | on1135988664 | ||
| 003 | OSt | ||
| 005 | 20241022094912.0 | ||
| 008 | 070525r20072005enkab b 001 0 eng d | ||
| 999 | |c 55493 |d 55493 | ||
| 020 | |a 9780415413176 |q (br.) | ||
| 020 | |a 0415413176 |q (br.) | ||
| 050 | 4 | |a DS99 .D3 B867 2007 | |
| 100 | 1 | |a Burns, Ross, |e author | |
| 245 | 1 | 0 | |a Damascus : |b a History / |c Ross Burns. |
| 264 | 1 | |a London : |b Routledge, |c 2007. | |
| 300 | |a xx, 386 pages : |b illustrations, maps ; |c 24 cm. | ||
| 504 | |a Includes bibliographical references and index. | ||
| 505 | 0 | |a Part 1. 1. The emergence of Damascus (9000-1100 BC) 2. Dimashqu - Damascus from the Aramaeans to the Persians (1000-532 BC) 3. A greater game - Assyrians, Persians, Greeks (732-300 BC) 4. The sowing of Hellenism - Ptolemies and Seleucids (300-64 BC) 5. Pax Romana (64 BC-AD 30) 6. Metropolis Romana (AD 30-268) 7. Holding the line (AD 269-610) 8. 'Farewell Oh Syria' (611-750) 9. The Umayyads (661-750) Part 2. Preface: When did the ancient end? 10. Decline, confusion and irrelevance (750-1098) 11. Islam resurgent (1098-1174) 12. Saladin and the Ayyubids (1174-1250) 13. Mamluks (1260-1515) 14. The Ottoman centuries (1516-1840) 15. Reform and revitalisation (1840-1918) | |
| 651 | 0 | |a Damascus (Syria) |x History. | |
| 901 | |a reviewed | ||
| 942 | |2 lcc |c BK | ||
